00618nam a2200133Ia 4500008004100000100002800041245011500069245014500184260005300329260001800382300000800400650001500408856006100423170221s9999 xx 000 0 und d aVitaly Ivanovich Teplov aBusiness Processes Content of Trade Organizations and Peculiarities of their Management in Market Environment  cVitaly Ivanovich Teplov, Elizaveta Evgenievna Tarasova, Marianna Vladimirovna Alyabieva, Elena Viktorovna Isaenko, Lyudmila Petrovna Pidoimo bInternational Review of Management and Marketing cFebruary 2015 a4:1 xMarketing. uhttp://www.econjournals.com/index.php/irmm/issue/view/83